[Event "Wch Seniors 08th"]
[Site "Grieskirchen"]
[Date "1998.11.21"]
[Round "11"]
[White "Rauscher, Erwin"]
[Black "Heumel, Roland"]
[Result "1-0"]
[WhiteElo "1468"]
[BlackElo "1241"]
[PlyCount "118"]
[EventDate "1998.11.08"]
[EventType "swiss"]
[EventRounds "11"]
[EventCountry "AUT"]
[SourceTitle "CBM 067 Extra"]
[Source "ChessBase"]
[SourceDate "1999.01.01"]
[SourceVersion "1"]
[SourceVersionDate "1999.01.01"]
[SourceQuality "1"]

1. Nf3 Nf6 2. d4 d5 3. g3 e6 4. Bg2 Nbd7 5. 0-0 Be7 6. b3 b5 7. Nbd2 c5 8. dxc5 Bxc5 9. Bb2 0-0 10. e3 Bb7 11. Bd4 Bd6 12. c4 e5 13. Bb2 e4 14. Nd4 bxc4 15. bxc4 Nc5 16. cxd5 Bxd5 17. Ba3 Qd7 18. Bxc5 Bxc5 19. N2b3 Bb6 20. Qd2 Rac8 21. Rfc1 Rfe8 22. Bf1 Ng4 23. Bb5 Qd8 24. Rxc8 Qxc8 25. Rc1 Qd8 26. Bxe8 Qxe8 27. h3 Ne5 28. Qc3 Bb7 29. Kg2 g6 30. Rc2 Nf3 31. Nxf3 exf3+ 32. Kh2 Qd7 33. Rd2 Qb5 34. Qd3 Qe8 35. Qd7 Qa8 36. Qe7 Bc6 37. Nd4 Ba4 38. Nb3 Bb5 39. Nd4 Ba4 40. Qf6 Ba5 41. Rb2 Bd1 42. Nc6 Bc3 43. Qxc3 Be2 44. Rb8+ Qxb8 45. Nxb8 a6 46. Qc8+ Kg7 47. Nxa6 h5 48. Nc5 g5 49. a4 g4 50. h4 Bf1 51. a5 Bc4 52. a6 Bxa6 53. Nxa6 Kh7 54. Nc5 Kg7 55. Nd7 Kh7 56. Qf8 Kg6 57. Qg8+ Kf5 58. Qxf7+ Ke4 59. Qc4+ Kf5 1-0

[Event "Wch Seniors 08th"]
[Site "Grieskirchen"]
[Date "1998.11.09"]
[Round "1"]
[White "Heumel, Roland"]
[Black "Wicklund Hansen, Richard"]
[Result "0-1"]
[WhiteElo "1241"]
[BlackElo "1897"]
[PlyCount "122"]
[EventDate "1998.11.08"]
[EventType "swiss"]
[EventRounds "11"]
[EventCountry "AUT"]
[SourceTitle "CBM 067 Extra"]
[Source "ChessBase"]
[SourceDate "1999.01.01"]
[SourceVersion "1"]
[SourceVersionDate "1999.01.01"]
[SourceQuality "1"]

1. d4 d5 2. Nf3 Nf6 3. e3 Bg4 4. Be2 e6 5. 0-0 Bd6 6. Nbd2 Nbd7 7. c4 c6 8. c5 Bc7 9. b4 0-0 10. Bb2 b6 11. Bc3 b5 12. h3 Bh5 13. Ng5 Bxe2 14. Qxe2 a5 15. a3 e5 16. e4 Re8 17. Qd3 exd4 18. Bxd4 h6 19. Bxf6 Nxf6 20. Ngf3 dxe4 21. Qxd8 Raxd8 22. Rfe1 exf3 23. Nxf3 Rxe1+ 24. Nxe1 Be5 25. Rb1 axb4 26. axb4 Bc3 27. Nf3 Nd5 28. Rd1 Re8 29. Nd4 Nxb4 30. Nb3 Nd5 31. Rd3 Re1+ 32. Kh2 Rb1 33. Nd4 Bxd4 34. Rxd4 Rc1 35. Re4 Kf8 36. Kg3 Rxc5 37. Re5 Nc3 38. Kf4 Rxe5 39. Kxe5 b4 40. Kd4 c5+ 41. Kc4 Ke7 42. f3 Nb5 43. g3 Nd4 44. f4 b3 45. Kc3 c4 46. g4 Ne2+ 47. Kb2 Nxf4 48. h4 Nd3+ 49. Kc3 b2 50. Kc2 c3 51. h5 Ne5 52. Kb1 Nc4 53. Kc2 Na3+ 54. Kxc3 b1Q 55. Kd4 Kd6 56. Ke3 Ke5 57. Kf3 Qd3+ 58. Kg2 Kf4 59. g5 Qg3+ 60. Kh1 Kf3 61. gxh6 Qg2# 0-1